Tablas de logaritmos y trigonométricas con 6 decimales, desde 1 hasta 22000. Precedidas de algunas nociones acerca de los mismos

Gespeichert in:
Bibliographische Detailangaben
Format: keine Angabe
Sprache:Spanisch
Erschienen: Madrid Bruño 1957
Katalog:MANES:  Suchergebnis im Bibliothekskatalog
Schulbuchspezifische Eigenschaften:
Tags: Tag hinzufügen
Keine Tags, Fügen Sie den ersten Tag hinzu!
Hinzugefügt zu:26.04.2016

MARC

LEADER 000000000a22000000004500
001 00401
003 OSt
008 160427s sp ||||| |||| 00| 0 spa d
040 |c centro_manes 
041 1 |a spa 
691 0 |a SE 
245 0 0 |a Tablas de logaritmos y trigonométricas con 6 decimales, desde 1 hasta 22000. Precedidas de algunas nociones acerca de los mismos 
260 3 |a Madrid  |b Bruño  |c 1957 
300 |a 111, 142 p.  |c 17x12 cm 
500 |a Fecha de publicación tomada del Copyright 
690 0 |a MATE 
942 |2 ddc  |c BK 
546 |a España 
999 |c 6375  |d 6375 
999 |c manes:6375  |d 6375